[Event "Titled Tuesday intern op 02nd Apr Early"]
[Site "Chess.com INT"]
[Date "2024.04.02"]
[Round "9"]
[White "Nikanova, Ekaterina"]
[Black "Suarez, Mauricio Josue"]
[Result "1-0"]
[WhiteElo "2044"]
[BlackElo "2173"]
[PlyCount "111"]
[EventDate "2024.04.02"]
[EventType "swiss (blitz)"]
[EventRounds "11"]
[EventCountry "USA"]
[SourceTitle "CB15_2024"]
[SourceDate "2024.04.10"]
[SourceVersion "1"]
[SourceVersionDate "2024.04.10"]
[SourceQuality "1"]

1. e4 c5 2. Nc3 d6 3. f4 Nf6 4. Nf3 g6 5. Bb5+ Bd7 6. 0-0 Bg7 7. d3 0-0 8. Qe1 Bxb5 9. Nxb5 Qd7 10. Nc3 Nc6 11. h3 Rac8 12. Be3 b6 13. Qf2 d5 14. exd5 Nxd5 15. Nxd5 Qxd5 16. c3 Qxd3 17. Rad1 Qc4 18. a3 Rcd8 19. Rfe1 Qb3 20. Rb1 Na5 21. Nd2 Qc2 22. Rec1 Qd3 23. Rd1 Nc4 24. Nxc4 Qxc4 25. Qf3 Qb3 26. Kf2 Qc2+ 27. Qe2 Qb3 28. Rd3 Rxd3 29. Qxd3 c4 30. Qd2 Qb5 31. Rd1 Bf6 32. Kg1 a5 33. Qe2 Rc8 34. Rd2 Qc6 35. Qd1 Kg7 36. Kh2 b5 37. Bd4 Bxd4 38. Rxd4 b4 39. axb4 axb4 40. cxb4 Qb5 41. Qd2 Rb8 42. Qc3 Kg8 43. Rxc4 Qf5 44. Rc7 Qe6 45. Rc4 h5 46. Kg1 Qf5 47. Qc1 Rd8 48. Qc3 Qd5 49. Kh2 Qd6 50. Rc8 Qxf4+ 51. Kg1 Rxc8 52. Qxc8+ Kg7 53. Qc3+ f6 54. b5 Qb8 55. Qc6 Qa7+ 56. b6 1-0

[Event "ROM-ch (Women)"]
[Site "Eforie Nord"]
[Date "2024.02.29"]
[Round "7"]
[White "Badica, Ariana"]
[Black "Nikanova, Ekaterina"]
[Result "0-1"]
[WhiteElo "1494"]
[BlackElo "2091"]
[PlyCount "60"]
[EventDate "2024.02.24"]
[EventType "swiss"]
[EventRounds "9"]
[EventCountry "ROU"]
[SourceTitle "CB10_2024"]
[SourceDate "2024.03.06"]
[SourceVersion "1"]
[SourceVersionDate "2024.03.06"]
[SourceQuality "1"]

1. e4 c5 2. Nf3 e6 3. d4 cxd4 4. Nxd4 Nc6 5. Nc3 Qc7 6. Be3 a6 7. Qf3 Nf6 8. 0-0-0 Ne5 9. Qg3 b5 10. Be2 b4 11. Na4 Nxe4 12. Qh4 Bb7 13. f3 Be7 14. Qe1 Nf6 15. f4 Nc6 16. Nxc6 Bxc6 17. Nb6 Rb8 18. Nc4 0-0 19. Rf1 Rfc8 20. Bd3 Bb5 21. Bb6 Qc6 22. Ne3 Qxb6 23. f5 Qc5 24. fxe6 dxe6 25. Kb1 Bxd3 26. Rxd3 Rd8 27. Rxd8+ Rxd8 28. g4 Nd5 29. Nxd5 Qxd5 30. b3 Bf6 0-1

[Event "Solta op 6th"]
[Site "Grohote"]
[Date "2023.07.04"]
[Round "8"]
[White "Nikanova, Ekaterina"]
[Black "Mrdja, Milan"]
[Result "1-0"]
[WhiteElo "2042"]
[BlackElo "2172"]
[PlyCount "99"]
[EventDate "2023.06.27"]
[EventType "swiss"]
[EventRounds "9"]
[EventCountry "CRO"]
[SourceTitle "EXT 2024"]
[Source "ChessBase"]
[SourceDate "2023.10.10"]
[SourceVersion "1"]
[SourceVersionDate "2023.10.10"]
[SourceQuality "1"]

1. d4 Nf6 2. Nf3 d6 3. c4 Bg4 4. e3 c6 5. Be2 Nbd7 6. Nc3 e5 7. 0-0 Be7 8. h3 Bh5 9. e4 0-0 10. Re1 Re8 11. Be3 Bf8 12. d5 a6 13. Nd2 Bxe2 14. Qxe2 Rc8 15. Rec1 g6 16. b4 c5 17. a3 Nh5 18. g3 b6 19. Rab1 Qf6 20. Qg4 Qd8 21. bxc5 Nxc5 22. Qe2 Nf6 23. Rb4 Nfd7 24. Rcb1 f5 25. Nb3 Qf6 26. Nxc5 dxc5 27. R4b3 f4 28. Bd2 Bd6 29. Qf3 Re7 30. a4 Rf8 31. Rf1 h5 32. Rbb1 Rh7 33. a5 bxa5 34. Na4 Qd8 35. Qe2 g5 36. Rb3 Nf6 37. gxf4 gxf4 38. Kh1 Ng4 39. f3 Qd7 40. Nb6 Qd8 41. fxg4 hxg4 42. Qxg4+ Kh8 43. Rg1 f3 44. Rxf3 Be7 45. Rxf8+ Qxf8 46. Nd7 Qc8 47. Bc3 Bf6 48. Qg8+ Qxg8 49. Rxg8+ Kxg8 50. Nxf6+ 1-0

[Event "Solta op 6th"]
[Site "Grohote"]
[Date "2023.07.02"]
[Round "6"]
[White "Nikanova, Ekaterina"]
[Black "Markotic, Gordan"]
[Result "1/2-1/2"]
[WhiteElo "2042"]
[BlackElo "2265"]
[PlyCount "53"]
[EventDate "2023.06.27"]
[EventType "swiss"]
[EventRounds "9"]
[EventCountry "CRO"]
[SourceTitle "EXT 2024"]
[Source "ChessBase"]
[SourceDate "2023.10.10"]
[SourceVersion "1"]
[SourceVersionDate "2023.10.10"]
[SourceQuality "1"]

1. e4 c6 2. d4 d5 3. exd5 cxd5 4. Bd3 Nc6 5. c3 g6 6. Bf4 Bg7 7. Nf3 Nh6 8. 0-0 0-0 9. Re1 f6 10. Nbd2 Nf7 11. c4 Nb4 12. Bb1 dxc4 13. Nxc4 Bg4 14. Be4 Nd5 15. Bg3 e6 16. h3 Bh5 17. Qb3 f5 18. Bxd5 Qxd5 19. Nce5 Qxb3 20. axb3 Nxe5 21. Bxe5 Bxf3 22. gxf3 Bh6 23. f4 a6 24. Rec1 Kf7 25. Rc4 Bg7 26. Rac1 Bxe5 27. dxe5 1/2-1/2

[Event "Tatry op"]
[Site "Tatranske Matliare"]
[Date "2023.05.22"]
[Round "4"]
[White "Nikanova, Ekaterina"]
[Black "Kalisky, Vladimir"]
[Result "0-1"]
[WhiteElo "2005"]
[BlackElo "2129"]
[PlyCount "86"]
[EventDate "2023.05.20"]
[EventType "swiss"]
[EventRounds "9"]
[EventCountry "SVK"]
[SourceTitle "CBM 214 Extra"]
[Source "ChessBase"]
[SourceDate "2023.07.31"]
[SourceVersion "1"]
[SourceVersionDate "2023.07.31"]
[SourceQuality "1"]

1. e4 c5 2. Nf3 Nc6 3. d4 cxd4 4. Nxd4 Nf6 5. Nc3 g6 6. Nxc6 bxc6 7. e5 Ng8 8. Bc4 Bg7 9. Qf3 f5 10. Bf4 e6 11. Qg3 Rb8 12. h4 Rb4 13. b3 Qa5 14. h5 g5 15. h6 Nxh6 16. 0-0 Nf7 17. a3 Rxc4 18. bxc4 h6 19. Bd2 Qxe5 20. Qxe5 Nxe5 21. Na4 Nxc4 22. Bc3 e5 23. f4 gxf4 24. Rae1 0-0 25. Nb2 Ne3 26. Rf2 d5 27. Bb4 Rf7 28. Bc5 Ba6 29. Nd3 Nxc2 30. Nxe5 Nxe1 31. Nxf7 Kxf7 32. Bxa7 Nd3 33. Rc2 Bb5 34. Ra2 Bc4 35. Rc2 Bf8 36. a4 Bc5+ 37. Bxc5 Nxc5 38. a5 Ke6 39. Rb2 d4 40. Rb8 d3 41. Re8+ Kd7 42. Re1 d2 43. Rd1 Ne4 0-1

[Event "Titled Tuesday intern op 04th Apr Early"]
[Site "Chess.com INT"]
[Date "2023.04.04"]
[Round "4"]
[White "Legenia, Artem"]
[Black "Nikanova, Ekaterina"]
[Result "0-1"]
[WhiteElo "2092"]
[BlackElo "2005"]
[PlyCount "64"]
[EventDate "2023.04.04"]
[EventType "swiss (blitz)"]
[EventRounds "11"]
[EventCountry "USA"]
[SourceTitle "EXT 2024"]
[Source "ChessBase"]
[SourceDate "2023.10.10"]
[SourceVersion "1"]
[SourceVersionDate "2023.10.10"]
[SourceQuality "1"]

1. e4 Nf6 2. e5 Nd5 3. Bc4 Nb6 4. Bb3 d6 5. exd6 cxd6 6. d4 g6 7. c3 Bg7 8. h3 0-0 9. Nf3 Bf5 10. 0-0 Nc6 11. Re1 e5 12. Bg5 Qc7 13. dxe5 dxe5 14. Nbd2 h6 15. Be3 Rad8 16. Qc1 Nd5 17. Bc5 Rfe8 18. Ne4 Nf4 19. Bc2 Nd3 20. Bxd3 Rxd3 21. Nfd2 Red8 22. Be3 Kh7 23. Qc2 Ne7 24. Qb3 Nd5 25. Rad1 Nxe3 26. Rxe3 Bxe4 27. Rxe4 Rxd2 28. Rde1 b6 29. Qc4 Qxc4 30. Rxc4 R8d7 31. a4 Rxb2 32. g3 Rdd2 0-1

[Event "Titled Tuesday intern op 04th Apr Early"]
[Site "Chess.com INT"]
[Date "2023.04.04"]
[Round "2"]
[White "Nikanova, Ekaterina"]
[Black "Aalto, Patrik"]
[Result "0-1"]
[WhiteElo "2005"]
[BlackElo "2251"]
[PlyCount "96"]
[EventDate "2023.04.04"]
[EventType "swiss (blitz)"]
[EventRounds "11"]
[EventCountry "USA"]
[SourceTitle "EXT 2024"]
[Source "ChessBase"]
[SourceDate "2023.10.10"]
[SourceVersion "1"]
[SourceVersionDate "2023.10.10"]
[SourceQuality "1"]

1. e4 c5 2. a3 e6 3. b4 b6 4. g3 Bb7 5. Bg2 Nf6 6. d3 cxb4 7. axb4 Bxb4+ 8. c3 Be7 9. Ne2 0-0 10. 0-0 d5 11. e5 Nfd7 12. d4 Nc6 13. f4 f5 14. exf6 Nxf6 15. Nd2 Rc8 16. Ba3 Bxa3 17. Rxa3 Ng4 18. Rf3 Qd6 19. Ra1 Na5 20. Nc1 Nf6 21. Ncb3 Nxb3 22. Nxb3 a5 23. Nd2 Bc6 24. Re3 a4 25. Qe1 Rfe8 26. Re5 a3 27. Nf3 Ne4 28. Ng5 Nxg5 29. fxg5 Ra8 30. g6 h6 31. Bh3 Bd7 32. Qe3 a2 33. Qe2 Qc6 34. Rxa2 Rxa2 35. Qxa2 Qxc3 36. Qf2 Rf8 37. Qe1 Qxd4+ 38. Kh1 Bb5 39. Bxe6+ Kh8 40. Bh3 Qb2 41. Bg2 Bc4 42. Re8 Qf6 43. Rxf8+ Qxf8 44. Qe5 Qd8 45. h4 b5 46. Kh2 d4 47. Be4 d3 48. Qc5 d2 0-1

[Event "Titled Tuesday intern op 04th Apr Late"]
[Site "Chess.com INT"]
[Date "2023.04.04"]
[Round "5"]
[White "Nikanova, Ekaterina"]
[Black "Buchenau, Frank"]
[Result "0-1"]
[WhiteElo "2005"]
[BlackElo "2222"]
[PlyCount "116"]
[EventDate "2023.04.04"]
[EventType "swiss (blitz)"]
[EventRounds "11"]
[EventCountry "USA"]
[SourceTitle "EXT 2024"]
[Source "ChessBase"]
[SourceDate "2023.10.10"]
[SourceVersion "1"]
[SourceVersionDate "2023.10.10"]
[SourceQuality "1"]

1. c4 e5 2. Nf3 Nc6 3. Nc3 Nf6 4. d3 d6 5. g3 g6 6. Bg2 Bg7 7. 0-0 0-0 8. h3 Nd4 9. Rb1 Nxf3+ 10. exf3 d5 11. Qe2 Bf5 12. g4 Be6 13. Bg5 dxc4 14. dxc4 Qd4 15. Bxf6 Bxc4 16. Qxe5 Qxe5 17. Bxe5 Bxe5 18. Rfe1 Rfe8 19. f4 Bxf4 20. Bxb7 Rab8 21. Rxe8+ Rxe8 22. Bd5 Bd3 23. Rd1 Bc2 24. Rd4 g5 25. Ne4 Kg7 26. Ng3 Re1+ 27. Kg2 Be5 28. Nh5+ Kf8 29. Rc4 Bd3 30. Rxc7 Bxc7 31. Nf6 Bf1+ 32. Kf3 Ke7 33. Nxh7 Bxh3 34. Nxg5 Bf1 35. Nxf7 Be2+ 36. Kg2 Bxg4 37. Bb3 Be6 38. Bxe6 Kxe6 39. Ng5+ Kf5 40. Nf3 Bb6 41. Nxe1 Ke4 42. f3+ Ke3 43. Kg3 Ba5 44. f4 Bxe1+ 45. Kg4 Ke4 46. f5 Bf2 47. Kg5 Bd4 48. b3 Ke5 49. a4 Bc5 50. a5 Be7+ 51. Kg6 a6 52. b4 Bxb4 53. f6 Bxa5 54. f7 Bb4 55. Kg7 a5 56. f8Q Bxf8+ 57. Kxf8 a4 58. Kg8 a3 0-1

[Event "Titled Tuesday intern op 04th Apr Early"]
[Site "Chess.com INT"]
[Date "2023.04.04"]
[Round "7"]
[White "Zampronha, Wladimir Camilo"]
[Black "Nikanova, Ekaterina"]
[Result "1-0"]
[WhiteElo "2176"]
[BlackElo "2005"]
[PlyCount "75"]
[EventDate "2023.04.04"]
[EventType "swiss (blitz)"]
[EventRounds "11"]
[EventCountry "USA"]
[SourceTitle "EXT 2024"]
[Source "ChessBase"]
[SourceDate "2023.10.10"]
[SourceVersion "1"]
[SourceVersionDate "2023.10.10"]
[SourceQuality "1"]

1. e4 Nf6 2. e5 Nd5 3. d4 d6 4. c4 Nb6 5. exd6 cxd6 6. Nc3 g6 7. Be3 Bg7 8. Rc1 0-0 9. b3 Nc6 10. Be2 Bf5 11. Nf3 d5 12. c5 Nc8 13. 0-0 Bg4 14. h3 Bxf3 15. Bxf3 e6 16. Qd2 N8e7 17. g4 f5 18. Bg2 f4 19. Bxf4 Bxd4 20. Bd6 Bg7 21. Rce1 d4 22. Nb5 e5 23. Nc7 Qd7 24. Nxa8 Rxa8 25. f4 exf4 26. Qxf4 Rf8 27. Qe4 Re8 28. Qe6+ Qxe6 29. Rxe6 d3 30. Bxc6 bxc6 31. Rxe7 Rxe7 32. Bxe7 d2 33. Rd1 Bc3 34. Bg5 Bd4+ 35. Kf1 Bxc5 36. Rxd2 a5 37. Rd7 a4 38. bxa4 1-0

[Event "Titled Tuesday intern op 28th Mar Late"]
[Site "Chess.com INT"]
[Date "2023.03.28"]
[Round "4"]
[White "Nikanova, Ekaterina"]
[Black "Cuenca Jimenez, Jose Fernando"]
[Result "0-1"]
[WhiteElo "2030"]
[BlackElo "2553"]
[PlyCount "64"]
[EventDate "2023.03.28"]
[EventType "swiss (blitz)"]
[EventRounds "11"]
[EventCountry "USA"]
[SourceTitle "EXT 2024"]
[Source "ChessBase"]
[SourceDate "2023.10.10"]
[SourceVersion "1"]
[SourceVersionDate "2023.10.10"]
[SourceQuality "1"]

1. e4 d6 2. d4 Nf6 3. Nc3 e5 4. Nf3 Nbd7 5. Bc4 Be7 6. a4 0-0 7. 0-0 c6 8. a5 Rb8 9. Re1 b5 10. axb6 axb6 11. d5 b5 12. dxc6 bxc4 13. cxd7 Bxd7 14. Nd5 Nxd5 15. Qxd5 Be6 16. Qd1 Qc7 17. c3 f6 18. Qe2 d5 19. exd5 Bxd5 20. Be3 Rb7 21. Red1 Be6 22. Ra2 Bf5 23. Nd2 Bd3 24. Qf3 Rfb8 25. h3 Rxb2 26. Ra7 R2b7 27. Rda1 h6 28. Rxb7 Qxb7 29. Qxb7 Rxb7 30. Ra8+ Kf7 31. Rc8 Ke6 32. Nxc4 Kd7 0-1

[Event "EU-ch (Women) 23rd"]
[Site "Petrovac"]
[Date "2023.03.20"]
[Round "3"]
[White "Nikanova, Ekaterina"]
[Black "Kostina, Veronika"]
[Result "1-0"]
[WhiteElo "2032"]
[BlackElo "1855"]
[PlyCount "93"]
[EventDate "2023.03.18"]
[EventType "swiss"]
[EventRounds "11"]
[EventCountry "MNE"]
[SourceTitle "CBM 213 Extra"]
[Source "ChessBase"]
[SourceDate "2023.05.31"]
[SourceVersion "1"]
[SourceVersionDate "2023.05.31"]
[SourceQuality "1"]

1. e4 c6 2. d4 d5 3. exd5 cxd5 4. Bd3 Nc6 5. c3 Qc7 6. h3 g6 7. Ne2 Bf5 8. Bxf5 gxf5 9. Bf4 Qd7 10. 0-0 e6 11. c4 Nge7 12. c5 Bg7 13. Nbc3 0-0 14. Bd6 b6 15. Rb1 bxc5 16. Bxc5 a5 17. Nf4 Kh8 18. a3 Rfb8 19. b4 axb4 20. axb4 Nc8 21. b5 Na5 22. Nd3 Nc4 23. Nb2 N8d6 24. Nxc4 Nxc4 25. Qd3 Rb7 26. Ra1 Rg8 27. Ra6 Qd8 28. Rfa1 Rb8 29. Ra7 f6 30. Re7 Re8 31. Rxe8+ Qxe8 32. Qe2 Qg8 33. Ra7 h6 34. Qh5 Rc8 35. Qg6 Nd2 36. b6 Nc4 37. Nb5 Rb8 38. Nc7 Bf8 39. Qxg8+ Kxg8 40. b7 Na5 41. Rxa5 Rxb7 42. Nxe6 Bxc5 43. Rxc5 Rb1+ 44. Kh2 Rb2 45. Kg3 h5 46. h4 Rb3+ 47. f3 1-0

[Event "EU-ch (Women) 23rd"]
[Site "Petrovac"]
[Date "2023.03.19"]
[Round "2"]
[White "Efroimski, Marsel"]
[Black "Nikanova, Ekaterina"]
[Result "1-0"]
[WhiteElo "2451"]
[BlackElo "2032"]
[PlyCount "129"]
[EventDate "2023.03.18"]
[EventType "swiss"]
[EventRounds "11"]
[EventCountry "MNE"]
[SourceTitle "CBM 213 Extra"]
[Source "ChessBase"]
[SourceDate "2023.05.31"]
[SourceVersion "1"]
[SourceVersionDate "2023.05.31"]
[SourceQuality "1"]

1. e4 c5 2. Nf3 e6 3. d4 cxd4 4. Nxd4 Nc6 5. Nc3 Qc7 6. Be3 a6 7. Qf3 Bd6 8. 0-0-0 Be5 9. Nxc6 bxc6 10. Bd4 Bxd4 11. Rxd4 d5 12. Qg3 Qxg3 13. hxg3 Nf6 14. e5 Nd7 15. f4 h6 16. g4 Rg8 17. Be2 c5 18. Rdd1 Bb7 19. Bf3 Ke7 20. Ne2 Rab8 21. Rde1 Ba8 22. Ng3 Rb4 23. f5 Rgb8 24. b3 a5 25. Nh5 Rg8 26. Rhf1 g6 27. fxe6 fxe6 28. c3 Rbb8 29. Nf4 Rbf8 30. Nd3 c4 31. Nf2 cxb3 32. axb3 Rb8 33. Kc2 Nc5 34. Rb1 Rb6 35. Rh1 Rh8 36. Rh3 Kf7 37. Nd3 Nxd3 38. Kxd3 Kg7 39. Kc2 Bc6 40. Be2 g5 41. Bd3 d4 42. cxd4 Bxg2 43. Rg3 Rc8+ 44. Kd2 Bd5 45. Ra1 Rxb3 46. Rxa5 Rb2+ 47. Ke3 Rc3 48. Rc5 Ra3 49. Rc7+ Kg8 50. Rg1 Rbb3 51. Rd1 Bb7 52. Rc2 Ba6 53. Rcd2 Kg7 54. Ke2 Bxd3+ 55. Rxd3 Kg6 56. Rxb3 Rxb3 57. Rf1 Rg3 58. Rf6+ Kg7 59. Rxe6 Rxg4 60. d5 Rd4 61. d6 h5 62. Re7+ Kg6 63. d7 h4 64. Re6+ Kf7 65. Rd6 1-0

[Event "EU-ch 23rd"]
[Site "Vrnjacka Banja"]
[Date "2023.03.10"]
[Round "8"]
[White "Nikanova, Ekaterina"]
[Black "Krstic, Milos M"]
[Result "1/2-1/2"]
[WhiteElo "2032"]
[BlackElo "2198"]
[PlyCount "104"]
[EventDate "2023.03.03"]
[EventType "swiss"]
[EventRounds "11"]
[EventCountry "SRB"]
[SourceTitle "CBM 213"]
[Source "ChessBase"]
[SourceDate "2023.04.30"]
[SourceVersion "1"]
[SourceVersionDate "2023.04.30"]
[SourceQuality "1"]

1. e4 e5 2. Nf3 Nf6 3. Nxe5 d6 4. Nf3 Nxe4 5. Nc3 Nxc3 6. dxc3 Be7 7. Be3 Nd7 8. Qd2 Nf6 9. Bd3 0-0 10. 0-0-0 c5 11. Rhe1 Be6 12. Kb1 Qa5 13. c4 Qxd2 14. Bxd2 h6 15. Bf5 Bxf5 16. Rxe7 Ne4 17. Be1 b6 18. Nh4 Be6 19. f3 Nf6 20. Bc3 Nh5 21. b3 Rfd8 22. Ng6 Bf5 23. Nh4 Be6 24. Ng6 Kh7 25. g4 Kxg6 26. gxh5+ Kxh5 27. Bxg7 Rg8 28. Rg1 a6 29. a4 Rab8 30. Kc1 b5 31. cxb5 axb5 32. axb5 Rxb5 33. Ra7 d5 34. Rg3 c4 35. bxc4 dxc4 36. Bc3 Re8 37. Ra5 Rxa5 38. Bxa5 Bf5 39. Kd1 Ra8 40. Bc3 Ra3 41. Bf6 Ra6 42. Be5 Ra2 43. Rg2 Ra3 44. Rg3 Re3 45. Bd4 Re6 46. Bc3 Kh4 47. Kd2 Rd6+ 48. Kc1 Ra6 49. Kd2 Rd6+ 50. Kc1 Re6 51. Kd2 h5 52. Rg2 Bg6 1/2-1/2

[Event "EU-ch 23rd"]
[Site "Vrnjacka Banja"]
[Date "2023.03.03"]
[Round "1"]
[White "Nikanova, Ekaterina"]
[Black "Stalmach, Richard"]
[Result "0-1"]
[WhiteElo "2032"]
[BlackElo "2436"]
[PlyCount "98"]
[EventDate "2023.03.03"]
[EventType "swiss"]
[EventRounds "11"]
[EventCountry "SRB"]
[SourceTitle "CBM 213"]
[Source "ChessBase"]
[SourceDate "2023.04.30"]
[SourceVersion "1"]
[SourceVersionDate "2023.04.30"]
[SourceQuality "1"]

1. e4 c5 2. Nf3 d6 3. d4 cxd4 4. Nxd4 Nf6 5. Nc3 Nc6 6. Bg5 e6 7. Qd2 a6 8. 0-0-0 Bd7 9. f4 Be7 10. Nf3 b5 11. Bxf6 gxf6 12. f5 Qb6 13. Kb1 0-0-0 14. g3 Kb8 15. fxe6 fxe6 16. Bh3 Na5 17. Qh6 Nc4 18. Nd4 b4 19. Nce2 e5 20. Bxd7 Rxd7 21. Nb3 Rc8 22. Nd2 Qf2 23. Nxc4 Rxc4 24. Qh5 Rdc7 25. Qe8+ Ka7 26. Rd5 R4c5 27. Rxc5 Qxc5 28. Qa4 Kb6 29. Rd1 Qc4 30. Nc1 Qxe4 31. Nd3 Qc6 32. Qb3 Qc4 33. Qxc4 Rxc4 34. b3 Re4 35. Nb2 Kc5 36. Na4+ Kc6 37. c4 Re2 38. h4 Rg2 39. Rd3 e4 40. Rd5 e3 41. Kc1 Rg1+ 42. Rd1 Rxg3 43. Kc2 f5 44. Kd3 Bxh4 45. Rf1 Bg5 46. Rxf5 Rg2 47. Rf1 Rd2+ 48. Ke4 e2 49. Re1 Bh4 0-1

[Event "ROM-ch (Women)"]
[Site "Sebes"]
[Date "2023.02.25"]
[Round "8"]
[White "Lolici, Iselin Amanda"]
[Black "Nikanova, Ekaterina"]
[Result "1/2-1/2"]
[WhiteElo "1847"]
[BlackElo "2030"]
[PlyCount "65"]
[EventDate "2023.02.19"]
[EventType "swiss"]
[EventRounds "9"]
[EventCountry "ROU"]
[SourceTitle "CBM 212 Extra"]
[Source "ChessBase"]
[SourceDate "2023.03.31"]
[SourceVersion "1"]
[SourceVersionDate "2023.03.31"]
[SourceQuality "1"]

1. c4 c5 2. Nc3 g6 3. g3 Bg7 4. Bg2 Nc6 5. Rb1 b6 6. a3 Bb7 7. b4 Bxc3 8. dxc3 d6 9. Be3 Qc7 10. Qa4 Rc8 11. Nh3 Nf6 12. Nf4 e6 13. h4 Ng4 14. Bd2 0-0 15. bxc5 dxc5 16. 0-0 Ba8 17. Nd3 Qe7 18. Qc2 Nge5 19. Nxe5 Nxe5 20. Bxa8 Rxa8 21. Qe4 Nd7 22. Rfd1 Rfe8 23. Bh6 f6 24. Rd2 Ne5 25. Rbd1 Qc7 26. Bf4 Qc6 27. Qxc6 Nxc6 28. Rd7 Rad8 29. Bh6 Rxd7 30. Rxd7 Ne7 31. Rxa7 Nf5 32. Be3 Rd8 33. Rb7 1/2-1/2

[Event "ROM-ch (Women)"]
[Site "Sebes"]
[Date "2023.02.24"]
[Round "7"]
[White "Cosman, Andreea Marioara"]
[Black "Nikanova, Ekaterina"]
[Result "1/2-1/2"]
[WhiteElo "2187"]
[BlackElo "2030"]
[PlyCount "67"]
[EventDate "2023.02.19"]
[EventType "swiss"]
[EventRounds "9"]
[EventCountry "ROU"]
[SourceTitle "CBM 212 Extra"]
[Source "ChessBase"]
[SourceDate "2023.03.31"]
[SourceVersion "1"]
[SourceVersionDate "2023.03.31"]
[SourceQuality "1"]

1. d4 d5 2. c4 dxc4 3. Nf3 Nf6 4. e3 e6 5. Bxc4 a6 6. 0-0 c5 7. b3 cxd4 8. Qxd4 Qxd4 9. Nxd4 Be7 10. Bb2 0-0 11. Nd2 b5 12. Be2 Bb7 13. Rac1 Bd6 14. a4 bxa4 15. bxa4 Nbd7 16. Nc4 Bb4 17. Bc3 Bxc3 18. Rxc3 Ne4 19. Rc2 Nec5 20. a5 Be4 21. Rb2 Bd3 22. Nb6 Bxe2 23. Nxe2 Rab8 24. Nd4 Rb7 25. Nxd7 Rxd7 26. h3 e5 27. Nc6 f6 28. Rb6 Ra8 29. Rc1 Nd3 30. Rcb1 Kf7 31. Nb8 Rd5 32. Nxa6 Rxa5 33. Nb4 Nxb4 34. R6xb4 1/2-1/2

[Event "ROM-ch (Women)"]
[Site "Sebes"]
[Date "2023.02.22"]
[Round "5"]
[White "Nikanova, Ekaterina"]
[Black "Obada, Ema"]
[Result "1-0"]
[WhiteElo "2030"]
[BlackElo "2106"]
[PlyCount "82"]
[EventDate "2023.02.19"]
[EventType "swiss"]
[EventRounds "9"]
[EventCountry "ROU"]
[SourceTitle "CBM 212 Extra"]
[Source "ChessBase"]
[SourceDate "2023.03.31"]
[SourceVersion "1"]
[SourceVersionDate "2023.03.31"]
[SourceQuality "1"]

1. e4 e6 2. d4 d5 3. Nc3 Bb4 4. e5 c5 5. a3 Bxc3+ 6. bxc3 Qa5 7. Bd2 Qa4 8. Qg4 Kf8 9. h4 Nc6 10. h5 h6 11. Rh3 Nge7 12. Qf4 b6 13. Rf3 Nd8 14. dxc5 Qxf4 15. Rxf4 bxc5 16. Rh4 Ndc6 17. f4 Rb8 18. Nf3 Ke8 19. Rh3 Kd7 20. Bd3 c4 21. Be2 Ba6 22. g4 Rb7 23. Kd1 Rhb8 24. Rg3 Bb5 25. Rb1 Ba6 26. Rxb7+ Rxb7 27. Kc1 Rb8 28. Be3 Rg8 29. Rg1 Bc8 30. Kd2 Ba6 31. Rb1 Rc8 32. Nd4 Rb8 33. Rxb8 Nxb8 34. f5 Ng8 35. fxe6+ fxe6 36. g5 hxg5 37. Bg4 Ne7 38. Nxe6 Kc6 39. Nxg7 Nd7 40. Bxd7+ Kxd7 41. Bxg5 Bc8 1-0